| 000 | 00664cam a2200193 4500 | ||
|---|---|---|---|
| 001 | WB3546-11 | ||
| 008 | 000000n1999 000 0 eng u | ||
| 035 | _a(Sirsi) u102859 | ||
| 245 | _aBan on white asbestos | ||
| 260 | _c1999 | ||
| 490 |
_aDETR Press Release _v(1127) 24 November 1999 (2) |
||
| 520 | _aFrom 24 November 1999 the use of all forms of asbestos became illegal in Great Britain when the ban on white asbestos came into force. | ||
| 590 | _aWB | ||
| 650 | _aWHITE ASBESTOS | ||
| 650 | _aMANAGEMENT-HEALTH AND SAFETY-HAZARDOUS SUBSTANCES-ASBESTOS | ||
| 650 | _aHEALTH HAZARDS | ||
| 690 | _aBUILT ENVIRONMENT-BUILDING MATERIALS | ||
| 942 | _n0 | ||
| 999 |
_c61823 _d61823 |
||